Sports Quiz

Random Sports or Baseball Quiz

Home Run Leader By Year of Birth Quiz Stats

 Plays Quiz Updated Oct 1, 2019

Score 0/105 Timer 16:00
0 Plays Today
Year Player % Correct
1895Babe Ruth
97.1%
1964Barry Bonds
88.4%
1934Hank Aaron
83.8%
1975Alex Rodriguez
83.3%
1968Sammy Sosa
80.3%
1963Mark McGwire
77.4%
1969Ken Griffey
76.1%
1931Willie Mays
75.9%
1918Ted Williams
75.8%
1965Matt Williams
75.3%
1980Albert Pujols
73.4%
1903Lou Gehrig
72.3%
1943Lee May
71.5%
1970Jim Thome
71.4%
1946Reggie Jackson
69.3%
1991Mike Trout
65.3%
1972Manny Ramirez
63.8%
1978Aramis Ramirez
63.5%
1949Mike Schmidt
63.5%
1935Frank Robinson
63.2%
1919Jackie Robinson
63.1%
1907Jimmie Foxx
62.1%
1929Frank Thomas
61.9%
1914Joe DiMaggio
60.6%
1992Bryce Harper
60%
1909Mel Ott
59.6%
1936Harmon Killebrew
59%
1938Willie McCovey
54.8%
1920Stan Musial
54.4%
1956Eddie Murray
51.9%
1967Luis Gonzalez
50.5%
1960Cal Ripken
49.8%
1940Willie Stargell
49.7%
1905Bob Johnson
49.1%
1979Adrian Beltre
49%
Year Player % Correct
1989Giancarlo Stanton
48.7%
1982Robinson Cano
48.1%
1945Reggie Smith
46.6%
1983Miguel Cabrera
44.8%
1925Yogi Berra
44.7%
1984Prince Fielder
43.4%
1911Hank Greenberg
43.4%
1928Gus Bell
43.2%
1953Jim Rice
41.5%
1939Carl Yastrzemski
40.7%
1896Rogers Hornsby
40.6%
1966Larry Walker
40.3%
1951Dave Winfield
39.9%
1926Duke Snider
39.6%
1948Dave Kingman
38.8%
1986Chris Davis
38.6%
1922Ralph Kiner
38.4%
1954Andre Dawson
38.3%
1977Carlos Beltran
38.1%
1947Darrell Evans
36.4%
1973Todd Helton
35.5%
1962Darryl Strawberry
33.2%
1971Jason Giambi
33.1%
1942Tony Perez
30.8%
1990Marcell Ozuna
30.2%
1976Paul Konerko
29.3%
1955Jack Clark
28.2%
1961Andres Galarraga
28.1%
1913Johnny Mize
26.8%
1937Orlando Cepeda
25.1%
1902Al Simmons
23.6%
1924Gil Hodges
23.2%
1985Evan Longoria
22.6%
1944Graig Nettles
21.9%
1941Boog Powell
21.1%
Year Player % Correct
1952Fred Lynn
20.7%
1921Roy Campanella
19.6%
1904Chuck Klein
19.4%
1933Rocky Colavito
18.8%
1959Harold Baines
16.8%
1950Greg Luzinski
15.6%
1974Jermaine Dye
15.3%
1998Juan Soto
15.3%
1958Gary Gaetti
13.9%
1981Curtis Granderson
13.4%
1987Jay Bruce
12.7%
1915Joe Gordon
11.9%
1927Joe Adcock
9.9%
1988Mike Moustakas
9.4%
1999Fernando Tatis (Jr)
8.5%
1898Bill Terry
8.2%
1900Goose Goslin
7.9%
1923Bobby Thomson
7.5%
1912Hal Trosky
7%
1917Hank Sauer
6.9%
1993Francisco Lindor
6.8%
1997Ronald Acuña
6.2%
1957Tim Wallach
6.2%
1996Rafael Devers
6.2%
1995Cody Bellinger
5.6%
1906Joe Cronin
5.3%
1994Rougned Odor
5%
1916Charlie Keller
4.7%
1930Bill Skowron
4.6%
1932Dick Stuart
4.2%
1908Ernie Lombardi
4.1%
1901Heinie Manush
4%
1897Lefty O'Doul
3.9%
1899Joe Hauser
1.6%
1910George McQuinn
1.4%

You're not logged in!

Compare scores with friends on all Sporcle quizzes.
OR
Log In

Sporcle TV

Today on Sporcle TV


Watch our educational content, quiz creation guides, and fun videos on Sporcle TV.

Show Comments

Extras

Top Quizzes Today


Score Distribution

Your Account Isn't Verified!

In order to create a playlist on Sporcle, you need to verify the email address you used during registration. Go to your Sporcle Settings to finish the process.

Report this User

Report this user for behavior that violates our Community Guidelines.

Details: